00533nam a2200181 a 450000100060000000300090000600800410001502000150005604000280007108200230009910000230012224500830014525000060022826000330023430000100026765000370027765000370031412474CO-ViMGA141112s2004 ck r 000 u spa d a8428323747 aCO-ViMGAbspacCO-ViMGA04aMEVIGAPOR.254 A5941 aAngulo, Jose Maria10a386 y 486 Microprocesadores Avanzados : bIntroducción Pentiun y Pentium Pro a4 aMadrid : bParaninfo, c1998 a540p.14a386 - MICROCOMPUTADOR - MANUALES14a486 - MICROCOMPUTADOR - MANUALES